| 000 | 01243cam a2200373 a 4500 | ||
|---|---|---|---|
| 001 | 3507157 | ||
| 003 | OSt | ||
| 005 | 20140310181630.0 | ||
| 008 | 951018s1996 mau j 000 1 eng | ||
| 010 | _a 95039506 | ||
| 020 | _a0316037796 (hc) | ||
| 020 | _a0316030864 (pb) | ||
| 040 |
_aDLC _cDLC _dDLC |
||
| 042 | _alcac | ||
| 050 | 0 | 0 |
_aPZ 7 _b.Al355 1996 |
| 082 | 0 | 0 |
_aCLA _bAl1e 1996 |
| 100 | 1 |
_aAlcott, Louisa May, _d1832-1888. _93034 |
|
| 245 | 1 | 0 |
_aEight cousins, or, the Aunt-Hill / _cby Louisa May Alcott. |
| 246 | 3 | 0 | _aEight cousins. |
| 246 | 3 | 0 | _aAunt-Hill. |
| 250 | _aUniform ed. | ||
| 260 |
_aBoston : _bLittle, Brown and Company, _cc1996. |
||
| 300 |
_a236 p. ; _c21 cm. |
||
| 520 | _aOrphaned Rose Campbell finds it difficult to fit in when she goes to live with her six aunts and seven mischievous boy cousins. | ||
| 521 | _aFirst year to Fourth year students | ||
| 541 | _j1 | ||
| 562 | _e1 | ||
| 650 | 1 |
_aOrphans _xFiction. _93035 |
|
| 650 | 1 |
_aCousins _xFiction. _93036 |
|
| 650 | 1 |
_aFamily life _xFiction. _93037 |
|
| 906 |
_a7 _bcbc _corignew _d1 _eocip _f19 _gy-gencatlg |
||
| 942 |
_2lcc _cBBK _kCLA |
||
| 999 |
_c491 _d491 |
||